ロード中...

EMBRYOLOGY OF ANGIOSPERMS - 5th ED

書誌詳細
第一著者: BHOJWANI, S.S and BHATNAGAR.S.P
フォーマット: Printed Book
出版事項: NEW DELHI Vikas Publishing House Pvt Ltd 2008
版:FIFTH
主題:
LEADER 00580nam a2200205 4500
020
037 |c 195.0 
082 |a 571.86 BHO 
100 |a BHOJWANI, S.S and BHATNAGAR.S.P 
245 |a EMBRYOLOGY OF ANGIOSPERMS - 5th ED  |h ENGLISH 
250 |a FIFTH 
260 |a NEW DELHI  |b Vikas Publishing House Pvt Ltd  |c 2008 
300 |a 352  |f PB 
500
590
630
650 |a THE EMBRYOLOGY OF ANGIOSPERMS 
942 |c TB 
999 |c 173160  |d 173160 
952 |0 0  |1 0  |4 0  |6 571_860000000000000_BHO  |7 0  |9 186589  |a BOT  |b BOT  |g 195.00  |l 0  |o 571.86 BHO  |p BOT8329  |r 2019-10-25  |w 2019-10-25  |y TB